000
00312nam a2200133Ia 4500
005
20251222151329.0
008
251222s9999||||xx |||||||||||||| ||spa||
082
_a
833.912/S29
100
_a
Schlink, Edmund
245
0
_a
La Visión del Papa
250
_a
1ra.ed.
264
_b
Ediciones Sígueme
942
_c
LIB
999
_c
24015
_d
24015